| Tag |
First Indicator |
Second Indicator |
Subfields |
| LEADER |
00000cam a2200000 a 4500 |
| 001 |
in00000017961 |
| 005 |
20151007053116.0 |
| 007 |
he bmb||||||| |
| 008 |
871224r19871985orua bb 00010 eng d |
| 035 |
|
|
|a (OCoLC)17285511
|
| 035 |
|
|
|9 AAB0440AM
|
| 040 |
|
|
|a ORU
|c XBM
|d XBM
|d HPE
|d TXA
|d UtOrBLW
|
| 049 |
|
|
|a TXAI
|
| 099 |
|
|
|a fiche
|a C
|a 10446
|
| 100 |
1 |
|
|a Tritschler, Kathleen A.
|
| 245 |
1 |
0 |
|a Use of statistics in recently-published physical education research /
|c by Kathleen Ann Tritschler.
|
| 264 |
|
1 |
|a [Place of publication not identified] :
|b [publisher not identified] ;
|c 1985.
|
| 300 |
|
|
|a ix, 185 leaves :
|b illustrations
|
| 336 |
|
|
|a text
|b txt
|2 rdacontent
|
| 337 |
|
|
|a microform
|b h
|2 rdamedia
|
| 338 |
|
|
|a microfiche
|b he
|2 rdacarrier
|
| 502 |
|
|
|b Ed. D.
|c University of North Carolina at Greensboro
|d 1985.
|
| 504 |
|
|
|a Bibliography: leaves 142-152.
|
| 533 |
|
|
|a Microfiche.
|b Eugene :
|c Microform Publications, College of Human Development and Performance, University of Oregon,
|d 1987.
|e 2 microfiches : negative ; 11 x 15 cm.
|
| 500 |
|
|
|a Microform.
|
| 650 |
|
0 |
|a Physical education and training
|x Research.
|
| 650 |
|
0 |
|a Physical education and training
|x Statistical methods.
|
| 999 |
|
|
|a MARS
|
| 999 |
f |
f |
|s e2b5e69a-78f3-37de-a89e-d8c754e4057c
|i 0b2d38f0-5763-396f-a8d0-f73f4a7aedfc
|t 0
|
| 952 |
f |
f |
|p default
|a Texas A&M University
|b College Station
|c Sterling C. Evans Library
|d Evans: Microforms (3rd floor)
|t 0
|e fiche C 10446
|h Other scheme
|i microform -- microfiche
|
| 998 |
f |
f |
|a fiche C 10446
|t 0
|l Evans: Microforms (3rd floor)
|